000 01325nam a22003014a 4500
001 505
003 BR-RjBN
005 20260413075955.0
008 990827s2000 rjb 000 f por d
020 _a9788577993505
040 _bpor
041 1 _apor
_heng
082 0 4 _a813
_bS814f
100 _aSteel, Danielle,
_d1947-
_91087
240 0 4 _aThe ghost.
245 1 2 _aO fantasma /
_cDanielle Steel ; tradução de Eduardo Francisco Alves.
250 _a1 ed.
260 _aRio de Janeiro
_bBestBolso
_c2013.
300 _a335 p.
520 _aDanielle Steel promove o encontro entre dois séculos, duas vidas e dois destinos ao narrar a emocionante história de um homem desiludido que aprende a amar novamente. Charlie Waterston acreditava ter uma vida perfeita, até sua esposa o abandonar inesperadamente. Ao dirigir por uma estrada, encontra um castelo construído em 1790 por um conde para a sua amante, Sarah Ferguson, a condessa de Balfour. Nele, Charlie sente a forte presença de Sarah, cuja história vai sendo descortinada à medida que ele lê os diários da condessa
650 0 _aLiteratura Americana
_984
650 0 _aAmor proibido
_9580
650 0 _aTraição
_9644
655 0 _aRomance
_923
655 0 _aFicção
_922
700 _aEduardo Francisco Alves
_eTradutor
_9306
942 _2ddc
_n0
_cBK
999 _c505
_d505